TOP 100 Most Listened Anime Openings - Statistics

General Stats
  • This quiz has been taken 21 times
  • The average score is 33 of 100
Answer Stats
TOP Artist Title Anime title % Correct
2 LiSA Gurenge Demon Slayer
79%
9 KANA-BOON Silhouette Naruto Shippuden
79%
3 YOASOBI Idol Oshi no Ko
79%
14 Ikimonogakari Blue Bird Naruto Shippuden
74%
10 TK From Long Tosite Sigure Unravel Tokyo Ghoul
74%
24 Linked Horizon Shinzo wo Sasageyo Attack on Titan
68%
4 Kenshi Yonezu Kick Back Chainsaw Man
68%
6 Creepy Nuts Bling-Bang-Bang-Born Mashle
68%
46 Jason Paige Pokemon Theme Pokemon
68%
11 King Gnu Special Z Jujutsu Kaisen
63%
26 SiM The Rumbling Attack on Titan
58%
27 Kenshi Yonezu Iris Out Chainsaw Man
58%
7 Mrs. GREEN APPLE Inferno Fire Force
58%
5 Eve Kaikai Kitan Jujutsu Kaisen
58%
22 Yoko Takahashi A Cruel Angel's Thesis Neon Genesis Evangelion
58%
1 boa Duvet Serial Experiments Lain
58%
30 Linked Horizon Guren no Yumiya Attack on Titan
53%
19 Vickeblanka Black Catcher Black Clover
53%
16 Creepy Nuts Otonoke DanDaDan
53%
47 Nightmare The World Death Note
53%
13 Aimer Zankyou Sanka Demon Slayer
53%
15 Kenshi Yonezu Peace Sign My Hero Academia
53%
8 YOASOBI Kaibutsu Beastars
47%
28 Vickeblanka Black Rover Black Clover
47%
50 Masatoshi Ono Departure! Hunter x Hunter
47%
12 Tatsuya Kitani Ao no Sumika Jujutsu Kaisen
47%
40 Porno Graffitti The Day My Hero Academia
47%
17 Official Hige Dandism Crybaby Tokyo Revengers
47%
55 Yoshiki Red Swan Attack on Titan
42%
78 Linked Horizon Jiyuu no Tsubasa Attack on Titan
42%
42 YUI Again Fullmetal Alchemist Brotherhood
42%
71 Hiroaki Tommy Tominaga JoJo SONO CHINO SADAME Jojo's Bizarre Adventure
42%
20 The Oral Cigarettes Kyouran Hey Kids!! Noragami
42%
32 Official Hige Dandism Mixed Nuts Spy x Family
42%
52 Shinsei Kamattechan My War Attack on Titan
37%
54 Creepy Nuts Daten Call of the Night
37%
38 Man With a Mission Kizuna no Kiseki Demon Slayer
37%
37 BURNOUT SYNDROMES Fly High!! Haikyuu!
37%
36 Coda Bloody Stream Jojo's Bizarre Adventure
37%
65 Masayuki Suzuki Daddy Daddy Do! Kaguya-sama : Love is war
37%
23 LiSA Crossing field Sword Art Online
37%
29 Goose House Hikaru Nara Your lie in April
37%
80 FLOW Colors Code Geass
32%
39 FLOW Sign Naruto Shippuden
32%
18 Ado New Genesis One Piece
32%
34 Radwimps Dream Lantern Your Name
32%
35 Kana Hanazawa Renai Circulation Bakemonogatari
26%
41 Ali Wild Side Beastars
26%
100 Seatbelts Tank Cowboy Bebop
26%
48 Aina the End Kakumei Douchuu DanDaDan
26%
25 Minami Kawaki wo Ameku Domestic Girlfriend
26%
73 Asian Kung-fu Generation Re: Re: Erased
26%
33 YOASOBI Yuusha Frieren
26%
84 Burnout Syndromes Hikari Are Haikyuu!
26%
58 Uverworld Odd Future My Hero Academia
26%
43 Asian Kung-fu Generation Haruka Kanata Naruto
26%
94 Jam Project The Hero!! One Punch Man
26%
88 Fear Let me Hear Parasyte
26%
72 LiSA ReawakeR Solo Leveling
26%
51 Ryoukuoshoku Shakai Hana ni Natte The Apothecary Diaries
26%
76 Survive Said the Prophet Mukanjyou Vinland Saga
26%
70 Kankaku Piero Haruka Mirai Black Clover
21%
92 Kessoku Band Seisyun Complex Bocchi the Rock
21%
69 Aimer Brave Shine Fate/Stay Night : Unlimited Blade Works
21%
83 Spyair Imagination Haikyuu!
21%
66 Who-ya Extended Vivid Ice Jujutsu Kaisen
21%
97 Tia Deal With the Devil Kakegurui
21%
49 Blue Encount Polaris My Hero Academia
21%
56 FLOW Go!! Naruto
21%
81 Gemn Fatal Oshi no Ko
21%
59 Vaundy Naked Hero Ranking of Kings
21%
45 Ikimonogakari Netsujou no Spectrum The Seven Deadly Sins
21%
57 Co shu nie asphyxia Tokyo Ghoul Re
21%
91 Dean Fujioka History Maker Yuri on Ice
21%
21 Mrs. GREEN APPLE Lilac Boukyaku Battery
16%
87 Jin Hashimito Stand Proud Jojo's Bizarre Adventure
16%
67 King Gnu Boy Ranking of Kings
16%
74 Bump of Chicken Souvenir Spy x Family
16%
64 LiSA Adamas Sword Art Online
16%
77 Mrs. GREEN APPLE Kusushiki The Apothecary Diaries
16%
60 Uverworld Touch Off The Promised Neverland
16%
99 Tk from Long Tosite Sigure Katharsis Tokyo Ghoul Re
16%
79 Natori Absolut Zero Wind Breaker
16%
53 Sumika Fiction Wotakoi
16%
95 Tomorrow x Together Everlasting Shine Black Clover
11%
44 Yorushika Haru Frieren
11%
89 millennium parade WORK Hell's Paradise
11%
82 Hello Sleepwalkers Goya no Machiawase Noragami
11%
90 the Peggies Centimeter Rent a Girlfriend
11%
85 Official Hige Dandism White Noise Tokyo Revengers
11%
96 Ziyouu-vachi Kaen Dororo
5%
31 YOASOBI Shukufuku Gundam the Witch
5%
93 Batta Chase Jojo's Bizarre Adventure
5%
63 Yungblud Abyss Kaijuu N.8
5%
62 Amazarashi Sora ni Utaeba My Hero Academia
5%
86 Yuuri Curtain Call My Hero Academia
5%
68 Ikimonogakari Hotaru no Hikari Naruto Shippuden
5%
98 Motohiro Sata Toumei Datta Sekai Naruto Shippuden
5%
75 Sekai no Owari The Peak One Piece
5%
61 sakanaction Kaijuu Orb on the Movements of the Earth
5%
No matching quizzes found
Score Distribution
Percent of People with Each Score
Percentile by Number Answered
Your Score History
You have not taken this quiz